| 000 | 01095nam a22003377a 4500 | ||
|---|---|---|---|
| 003 | OSt | ||
| 005 | 20230816142331.0 | ||
| 008 | 221006b |||||||| |||| 00| 0 eng d | ||
| 040 | _cBiblioteca Lado V | ||
| 082 |
_a700 _bP419a |
||
| 100 |
_9270 _aPeña, Alfonso _eeditor |
||
| 245 | _aAndrómeda/ | ||
| 260 |
_bMedia and Editorial Projects Ltd. _c1988 _aCosta Rica |
||
| 300 |
_c21.5x28cm _a32p. |
||
| 490 |
_a26 _vVIII |
||
| 505 | _tPOESIA URUGUAYA | ||
| 505 | _tENRIQUE LHIN | ||
| 505 | _tHEMINGWAY | ||
| 505 | _tDIALOGO DE ULTRATUMBA CON EMIR RODRIGUEZ MONEGAL | ||
| 505 | _tJUAN ABURTO | ||
| 505 | _tNOTICIAS DEL MUNDO ARTISTICO | ||
| 505 | _tLIBROS | ||
| 505 | _tPUBLICACIONES RECIBIDAS | ||
| 650 |
_2Tesauro de Arte & Arquitectura _aARTE _9703 |
||
| 650 |
_2Tesauro de Arte & Arquitectura _aLITERATURA |
||
| 650 |
_2Tesauro de Arte & Arquitectura _aCULTURA |
||
| 650 |
_2Tesauro de Arte & Arquitectura _aCOLECCION |
||
| 651 |
_2Tesauro de Arte & Arquitectura _aCOSTA RICA |
||
| 700 |
_aCerdaño, Rodolfo _eeditor |
||
| 942 |
_2ddc _c1 _h700 _iP419a _n0 |
||
| 999 |
_c4137 _d4137 |
||